| 000 | 00409nam a2200169Ia 4500 | ||
|---|---|---|---|
| 008 | 230524s9999 xx 000 0 und d | ||
| 020 | _a8183710263 | ||
| 082 |
_a330 _bAGA |
||
| 100 | _aMahendra P.Agasty | ||
| 245 | 0 | _aEngineering Economics and Costing | |
| 250 | _a1ST | ||
| 260 |
_aCHENNAI _bScitech _c2006 |
||
| 300 | _aIX;20.6 | ||
| 500 | _aQuantity Number: 51 | ||
| 650 | _aEconomics | ||
| 942 | _cBK | ||
| 999 |
_c36670 _d36670 |
||